La Xara i el Pau i l'àliga perdiguera : el Parc del Garraf / el Parc del Garraf /

per Luna, Gonçal

ISBN: 9788498033083
Descripció física: 16 pàgines no numerades il·lustracions en color ; 24 cm 1 fulletó (4 pàgines)
Col·lecció: La Xara i el Pau ; 1
Altres autors: Campillo, Susanna
Idioma: Català

MARC

LEADER 00000nam a2200000Ia 4500
001 21820
003 Arxiu
005 20260324175947.0
008 160829s2008 cataxx b s spc c 000 0 cat d
020 |a 9788498033083 
040 |a AGDB 
041 |a cat 
080 |a FU-44-14 
100 1 |a Luna, Gonçal  |e autor  |9 456 
245 1 3 |a La Xara i el Pau i l'àliga perdiguera :  |b  el Parc del Garraf /   |c text: Gonçal Luna ; il·lustracions: Susanna Campillo 
260 |a Barcelona :  |b Diputació de Barcelona. Xarxa de Parcs Naturals,  |c 2008 
300 |a 16 pàgines no numerades  |b il·lustracions en color ;  |c 24 cm  |e 1 fulletó (4 pàgines) 
490 1 |a La Xara i el Pau ;  |v 1 
590 |a Inclou un fulletó d'activitats.  
590 |a Editat dins el programa Viu el Parc dels Parcs del Garraf, Olèrdola i el Foix 
610 2 0 |9 55829  |a Parc del Garraf (Catalunya)  |v Llibres per a infants 
650 0 |a Parcs naturals  |z Barcelona (Catalunya : Província)  |v Llibres per a infants  |9 53841 
655 0 |a Contes infantils  |9 67183 
700 1 |a Campillo, Susanna  |9 39565  |e il·lustradora 
710 1 |a Barcelona (Catalunya : Província).  |b Xarxa de Parcs Naturals  |9 7250 
710 2 |a Parc del Garraf (Catalunya)  |9 9859 
830 3 |9 55807  |a La Xara i el Pau  |v 1 
901 |a Arxiu 
942 |n 1  |2 udc  |c ARXIU 
952 |0 0  |1 0  |4 0  |6 FU4414  |7 1  |9 50878  |a Arxiu  |b Arxiu  |d 2016-12-01  |l 0  |o FU-44-14  |p 21820  |r 2016-12-01 00:00:00  |w 2016-12-01  |y ARXIU 
999 |c 54720  |d 54720